000 00312 a2200157 4500
001 62766
020 _a9788576833611
040 _cAnchieta - Pituba
100 _aCOOPER, Rose
240 1 0 _aAbafa!
_lpor
245 1 0 _aAbafa!
300 _a198
362 0 _a2012
650 4 _aLiteratura juvenil
942 _cBK
999 _c62766
_d62766